Last 50 Countries Alphabetically - Statistics

General Stats
  • This quiz has been taken 1,184 times
  • The average score is 38 of 50
Answer Stats
# Country % Correct
1 Zimbabwe
98%
2 Zambia
97%
11 United Kingdom
93%
10 United States
92%
3 Yemen
91%
5 Venezuela
90%
7 Vanuatu
86%
35 South Korea
85%
28 Sweden
85%
17 Turkey
85%
16 Turkmenistan
85%
9 Uruguay
85%
4 Vietnam
85%
34 South Sudan
84%
8 Uzbekistan
84%
6 Vatican City
84%
31 Sudan
83%
36 South Africa
82%
12 United Arab Emirates
81%
27 Switzerland
80%
14 Uganda
79%
13 Ukraine
79%
24 Tajikistan
78%
33 Spain
77%
15 Tuvalu
77%
40 Slovakia
76%
39 Slovenia
76%
22 Thailand
76%
20 Tonga
75%
30 Suriname
74%
23 Tanzania
74%
21 Togo
74%
19 Trinidad and Tobago
74%
37 Somalia
73%
45 Senegal
71%
44 Serbia
70%
43 Seychelles
70%
26 Syria
70%
49 Samoa
66%
48 San Marino
65%
41 Singapore
65%
38 Solomon Islands
65%
18 Tunisia
65%
32 Sri Lanka
63%
50 Saint Vincent and the Grenadines
62%
47 Sao Tome and Principe
62%
46 Saudi Arabia
61%
25 Taiwan
60%
42 Sierra Leone
56%
29 Swaziland
49%
No matching quizzes found
Score Distribution
Percent of People with Each Score
Percentile by Number Answered
Your Score History
You have not taken this quiz